LEADER 01040nam a2200229 i 4500 001 000000041951 003 CaOOAMICUS 005 20090504000000.0 008 090504s1969 it u000 u ita u 013 $a13121 040 $aSeMil$bita 100 1 $aCarli, Luigi Maria .$0(OLS)http://semarc/name/19422 245 10$aNova et vetera :$btradizione e progresso nella Chiesa dopo il Vaticano 2. /$cLuigi Carli Maria. 260 $a[S.l.] :$bIstituto Editoriale del Mediterraneo,$cstampa 1969. 300 $a212 p. ;$c22 cm. 490 0 $aSaggi politici 650 4$aConcilio Vaticano II <1962-1965>.$0(OLS)http://semarc/subject/283 830 0$aSaggi politici.$0(OLS)http://semarc/title/27967 850 $aSeMil 852 $aSeMil$W1$xVenegono$y1$m2A I 208$j8106$B8106$CSeMilBibl$Z2$F8106 $81 996 $6245$aNova et vetera :$btradizione e progresso nella Chiesa dopo il Vaticano 2.$9(OLS)http://semarc/title/60998 996 $6260$a[S.l.] :$bIstituto Editoriale del Mediterraneo$9(OLS)http://semarc/publisher/35473 LEADER 00863nam a2200217 i 4500 001 000000187592 003 CaOOAMICUS 005 20100319000000.0 008 100319s1913 it u000 u ita u 013 $a165684 040 $aSeMil$bita 100 1 $aGiacomelli, Antonietta,$d<1857-1949>.$0(OLS)http://semarc/name/10317 245 10$aVol. 1. 260 $aMilano :$bLibreria Editrice Milanese,$c1913. 300 $aL, 409 p. 500 $aReca la dizione: Libro all'indice. 773 0 $aGiacomelli, Antonietta <1857-1949>$tPer la riscossa cristiana.$dMilano : Libreria Editrice Milanese, 1913.$g1$w()23126 850 $aSeMil 852 $aSeMil$W1$xVenegono$y1$m2X III 118$j138279$B138279$CSeMilBibl$Z2$F149725 $81 996 $6245$aVol. 1$9(OLS)http://semarc/title/13429 996 $6260$aMilano :$bLibreria Editrice Milanese$9(OLS)http://semarc/publisher/33871